Roland-Garros 2022: Pays d'origine des joueurs - Statistiques

Statistiques générales
  • Ce quiz a été pris 464 fois
  • Le résultat moyen est 40 sur 51
Statistiques - réponses
Réponse % Correct
Espagne
100%
France
100%
Etats-Unis
98%
Russie
96%
Italie
94%
Japon
93%
Argentine
92%
Chine
92%
Royaume-Uni
92%
Canada
91%
Suisse
91%
Allemagne
90%
Australie
90%
Portugal
90%
Serbie
90%
Brésil
89%
Suède
88%
Grèce
87%
Norvège
87%
Belgique
86%
Pologne
86%
Mexique
83%
Ukraine
82%
Finlande
81%
Pays-Bas
81%
Autriche
79%
Danemark
79%
Chili
77%
Croatie
77%
Slovénie
77%
Roumanie
76%
Slovaquie
76%
Estonie
74%
Lettonie
74%
Colombie
72%
République Tchèque
72%
Biélorussie
71%
Hongrie
71%
Lituanie
71%
Bulgarie
69%
Corée du Sud
69%
Tunisie
68%
Afrique du Sud
67%
Pérou
65%
Uruguay
62%
Bolivie
53%
Egypte
53%
Kazakhstan
52%
Monténégro
45%
Géorgie
41%
Taipei Chinois
31%
Aucun quiz correspondant
Distribution des résultats
% des personnes avec chaque résultat
Percentile par nombre de réponses
Votre historique - résultats
Vous n’avez pas pris ce quiz